Ghadar in tirhoot : (Record no. 153978)

MARC details
000 -LEADER
fixed length control field 00623nam a22001937a 4500
005 - DATE AND TIME OF LATEST TRANSACTION
control field 20181115144822.0
010 ## - LCCN (DPL NO)
LC control number ENG-123515
020 ## - INTERNATIONAL STANDARD BOOK NUMBER
International Standard Book Number 9788190892605
Terms of availability 550.00
035 ## - SYSTEM CONTROL NUMBER
System control number EN-107047
037 ## - SOURCE OF ACQUISITION
Source of stock number/acquisition DBAD/PUB
082 ## - DEWEY DECIMAL CLASSIFICATION NUMBER
Classification number 954.083
100 ## - MAIN ENTRY--PERSONAL NAME
Personal name Srikant, Ashok Aounshuman
245 ## - TITLE STATEMENT
Title Ghadar in tirhoot :
Statement of responsibility, etc by Ashok Aounshuman Srikant
Remainder of title a documentation /
260 ## - PUBLICATION, DISTRIBUTION, ETC. (IMPRINT)
Place of publication, distribution, etc Patna
Name of publisher, distributor, etc Bihar State Archives
Date of publication, distribution, etc 2009
270 ## - ADDRESS
Address Jawaharlal Nehru Marg,
City Patna
Postal code 1
300 ## - PHYSICAL DESCRIPTION
Extent xxvi, 358p.
Dimensions 21cm(Hb)
500 ## - GENERAL NOTE
General note It includes Appendices, bibliography, glossary and index
942 ## - ADDED ENTRY ELEMENTS (KOHA)
Source of classification or shelving scheme Dewey Decimal Classification
Item type English Books
Classification part 954.083
Call number suffix ASH
Holdings
Withdrawn status Lost status Not for loan Collection code Home library Current library Date acquired Source of acquisition Cost, normal purchase price Full call number Barcode Copy number Cost, replacement price Koha item type
    Not For Loan Non-fiction D.B.Act.Division Bawana 13/07/2018 DBAD/PUB 550.00 954.083 ASH EN-107047 1 550.00 English Books

© Delhi Public Library
Hit Counter
free hit counter